Magyar Pedagógia. - 88. évf. (1988) 4. sz.
Elmentve itt :
| Dokumentumtípus: | Folyóirat |
|---|---|
| Megjelent: |
1988
|
| Sorozat: | Magyar pedagógia : a Magyar Tudományos Akadémia Pedagógiai Bizottságának folyóirata
88 No. 4 |
| Online Access: | http://misc.bibl.u-szeged.hu/18043 |
| LEADER | 00545nas a2200145 i 4500 | ||
|---|---|---|---|
| 001 | misc18043 | ||
| 005 | 20191106141358.0 | ||
| 008 | 170616s1988 hu o 0|| zxx d | ||
| 022 | |a 0025-0260 | ||
| 040 | |a SZTE Miscellanea Repozitórium |b hun | ||
| 041 | |a zxx | ||
| 245 | 0 | 0 | |a Magyar Pedagógia. - 88. évf. (1988) 4. sz. |h [elektronikus dokumentum] |
| 260 | |c 1988 | ||
| 490 | 0 | |a Magyar pedagógia : a Magyar Tudományos Akadémia Pedagógiai Bizottságának folyóirata |v 88 No. 4 | |
| 856 | 4 | 0 | |u http://misc.bibl.u-szeged.hu/18043/1/mp_1988_004.pdf |z Dokumentum-elérés |